Statistics for Второй Крупнейший Город По Регионам

Click here to take the quiz!

General Stats

  • This quiz has been taken 124 times
  • The average score is 12 of 82

Answer Stats

ОбластьНаселениеГород% Correct
Краснодарский край466,078Сочи
55%
Татарстан548,434Набережные Челны
52%
Крым154,621Керчь
42%
Самарская область684,709Тольятти
40%
Башкортостан277,410Стерлитамак
39%
Хабаровский край238,505Комсомольск-на-Амуре
37%
Московская область520,962Балашиха
35%
Красноярский край174,453Норильск
29%
Свердловская область338,966Нижний Тагил
28%
Приморский край180,393Уссурийск
28%
Дагестан148,274Хасавюрт
27%
Ленинградская область94,377Гатчина
25%
Кемеровская область537,480Новокузнецк
24%
225,428Энгельс
24%
Ставропольский край146,473Пятигорск
23%
Коми79,899Ухта
22%
Алтайский край198,433Бийск
21%
Иркутская область224,071Братск
21%
Челябинская область410,594Магнитогорск
20%
Белгородская область221,676Старый Оскол
20%
Вологодская область312,021Череповец
20%
Архангельская область179,742Северодвинск
18%
Марий Эл52,703Волжск
18%
Чувашия127,481Новочебоксарск
17%
Оренбургская область189,195Орск
16%
Ханты-Мансийский автономный округ278,725Нижневартовск
16%
Волгоградская область321,427Волжский
15%
Саха (Якутия)53,409Нерюнгри
15%
Владимирская область134,074Ковров
14%
Калужская область121,508Обнинск
14%
Новосибирская область103,544Бердск
14%
Пермский край138,069Березники
14%
Ярославская область177,295Рыбинск
13%
Калининградская область38,514Советск
13%
Чечня65,313Урус-Мартан
13%
Нижегородская область227,326Дзержинск
12%
Адыгея54,291Яблоновский
12%
Камчатский край36,240Елизово
12%
Калмыкия13,834Лагань
11%
Ингушетия62,078Сунжа
11%
Кабардино-Балкария58,697Прохладный
11%
Удмуртия96,861Воткинск
11%
Курганская область74,400Шадринск
10%
Бурятия24,451Гусиноозёрск
10%
Псковская область86,711Великие Луки
10%
Тюменская область100,352Тобольск
10%
Кировская область66,651Кирово-Чепецк
10%
Ростовская область245,120Таганрог
10%
Карелия29,739Костомукша
10%
Брянская область63,059Клинцы
9%
Курская область99,774Железногорск
9%
Астраханская область35,635Ахтубинск
8%
Мурманская область49,647Апатиты
8%
Республика Алтай10,297Кош-Агач
8%
Северная Осетия40,976Моздок
8%
Карачаево-Черкесия31,085Усть-Джегута
7%
Тульская область119,697Новомосковск
7%
Ямало-Ненецкий автономный округ100,188Ноябрьск
7%
Воронежская область62,625Россошь
7%
Липецкая область99,875Елец
7%
Омская область26,878Тара
7%
Мордовия44,291Рузаевка
5%
Амурская область61,440Белогорск
5%
Ивановская область79,936Кинешма
5%
Сахалинская область33,950Корсаков
5%
Томская область106,648Северск
5%
Тыва19,911Каа-Хем
4%
Хакасия75,348Черногорск
4%
Смоленская область51,950Вязьма
4%
Тамбовская область90,451Мичуринск
4%
Костромская область23,222Шарья
4%
Забайкальский край51,451Краснокаменск
4%
Чукотский автономный округ5,546Билибино
3%
Еврейская автономная область7,959Облучье
3%
Орловская область43,549Ливны
3%
Ульяновская область110,968Димитровград
3%
Магаданская область5,704Ола
3%
Рязанская область28,443Касимов
3%
Новгородская область48,858Боровичи
3%
Пензенская область78,390Кузнецк
2%
Тверская область55,757Ржев
2%
Ненецкий автономный округ7,387Искателей
1%

Score Distribution

Percentile by Number Answered

Percent of People with Each Score

Your Score History

You have not taken this quiz